| 000 | 00873cab a2200289 4500 | ||
|---|---|---|---|
| 001 | ABS67601 | ||
| 008 | 040324n2004 000 0 eng u | ||
| 035 | _a(Sirsi) u125560 | ||
| 245 | _aRegional survey: Thames Gateway and Lea Valley | ||
| 260 | _c2004 | ||
| 490 |
_aProperty Week _v69(11) 12 March 2004, 67-84(10) |
||
| 590 | _aABS | ||
| 650 | _aTHAMES GATEWAY | ||
| 650 | _aLEA VALLEY | ||
| 650 | _aOCCUPIERS | ||
| 650 | _aEAST LONDON | ||
| 650 | _aTOURISM | ||
| 650 | _aCHINATOWN | ||
| 650 | _aLOCAL AUTHORITIES | ||
| 650 | _aLONDON PLAN | ||
| 650 | _aPROPERTY-COMMERCIAL PROPERTY-RETAIL PROPERTY-RETAIL PROPERTY MARKET | ||
| 650 | _aPROPERTY-COMMERCIAL PROPERTY-OFFICE PROPERTY-OFFICE PROPERTY MARKET | ||
| 650 | _aINDUSTRIAL MARKET | ||
| 650 | _aREGENERATION | ||
| 690 | _aPROPERTY-COMMERCIAL PROPERTY-COMMERCIAL PROPERTY MARKET | ||
| 942 | _n0 | ||
| 999 |
_c74297 _d74297 |
||